00424 2200169 4500001002100000005001500021035002000036007000300056008004100059020002200100082000800122084001400130100001600144245002700160260003200187300003500219INLIS00000000000022020231014074241 a0010-1023000070ta231014 0 ind  a978-979-794-520-6 a813 a813 CAN s0 aCandra, Boy1 aSebuah Usaha Melupakan aJakarta :bMediakita,c2016 aii + 306 hlm. ;c13,5 x 20 cm.